000 00960nam a2200337Ia 4500
003 OSt
005 20220912150948.0
006 a|||||r|||| 00| 0
007 ta
008 220909b |||||||| |||| 00| 0 eng d
020 _a8170541883 (hbd)
024 _a4824
037 _bJ D S,
037 _cTextual
040 _aCSL
_beng
_cCSL
041 _aeng
082 _aY499C:(U42), N4
100 _aKhandewale S V
245 0 _aMigration of unskilled labour: a study of causes, permanency and assimilation in Nagpur
260 _aNew Delhi
_b Classical Publishing Company
_c1994
300 _axi, 198p
500 _aBibliography 191-198p
650 _a Migration
650 _a Slave-India
650 _a Unskilled labour
650 _a Working class
650 _aSociology
700 _a Chorghade S V
942 _hY499C:(U42), N4
_cTEXL
_2CC
999 _c58259
_d58259